00456pab a2200145 454500008004000000100001600040245009500056260000900151300001400160362000800174650003100182650002300213650002500236773004900261180718b2010 xxu||||| |||| 00| 0 eng d aHanna, Rema aUS environmental regulation and FDI: evidence from a panel of US-based multinational firms c2010 ap.158-89. aJul aTransnational corporations aForeign investment aEnvironmental policy aAmerican Economic Journal: Applied Economics